| 000 -ლიდერი |
| ფიქსირებული სიგრძის საკონტროლო ველი |
01943nam a2200313Ia 4500 |
| 001 - საკონტროლო ნომერი |
| საკონტროლო ველი |
21843 |
| 003 - საკონტროლო ნომრის იდენტიფიკატორი |
| საკონტროლო ველი |
GE_BSU |
| 005 - ბოლო ოპერაციის თარიღი და დრო |
| საკონტროლო ველი |
20220602160229.0 |
| 008 - ფიქსირებული სიგრძის მონაცემთა ელემენტები - ზოგადი ინფორმაცია |
| ფიქსირებული სიგრძის საკონტროლო ველი |
181216s ||||ge |||||||||||||| ||geo|| |
| 020 ## - წიგნის საერთაშორისო სტანდარტული ნომერი |
| International Standard Book Number |
99941-10-003-1 |
| 040 ## - კატალოგიზაციის წყარო |
| Transcribing agency |
GE_BSU |
| 041 ## - ენის კოდი |
| Language code of text/sound track or separate title |
geo |
| 080 ## - უნივერსალური ათობითი კლასიფიკაციის ინდექსი |
| Universal Decimal Classification number |
811.353.1(072) მ-40 |
| 100 ## - მთავარი ჩანაწერი - პიროვნების სახელი |
| Personal name |
მაღლაკელიძე, ნათელა |
| 9 (RLIN) |
13941 |
| 245 ## - ცნობა სათაურის შესახებ |
| Title |
ქართულის გაკვეთილები მეორე კლასში : |
| Remainder of title |
მასწავლებლის წიგნი / |
| Statement of responsibility, etc |
ნათელა მაღლაკელიძე, ცისანა ყურაშვილი, ელენე მაღლაკელიძე ;რედ. : ნელი ელიზბარაშვილი, მანანა ჩიკვილაძე ; მხატვ. ნინო ზაქარიაშვილი. |
| 264 ## - წარმოების, გამოცემის, დისტრიბუციის და სხვა ცნობები |
| გამოცემის, წარმოების, დისტრიბუციის... ადგილი |
თბილისი : |
| გამოცემის, წარმოების, დისტრიბუციის... სახელწოდება |
მერიდიანი, |
| გამოცემის, წარმოების, დისტრიბუციის... თარიღი |
2007. |
| 300 ## - ფიზიკური აღწერა |
| Extent |
160 გვ. ; |
| Dimensions |
29 სმ. |
| 500 ## - ზოგადი შენიშვნა |
| General note |
პილოტირებულია... პროექტ "ილია ჭავჭავაძის" ფარგლებში 2006-2007 სასწ. წელს |
| 653 ## - INDEX TERM--UNCONTROLLED |
| Uncontrolled term |
ქართული ენა |
| 653 ## - INDEX TERM--UNCONTROLLED |
| Uncontrolled term |
ქართულის გაკვეთილები მეორე კლასში |
| 653 ## - INDEX TERM--UNCONTROLLED |
| Uncontrolled term |
მასწავლებლის წიგნი |
| 700 ## - ADDED ENTRY--PERSONAL NAME |
| Personal name |
ყურაშვილი, ცისანა |
| Relator term |
ავტორი |
| 9 (RLIN) |
13959 |
| 700 ## - ADDED ENTRY--PERSONAL NAME |
| Personal name |
მაღლაკელიძე, ელენე |
| Relator term |
ავტორი |
| 9 (RLIN) |
13960 |
| 700 ## - ADDED ENTRY--PERSONAL NAME |
| Personal name |
ელიზბარაშვილი, ნელი |
| Relator term |
რედაქტორი |
| 9 (RLIN) |
2498 |
| 700 ## - ADDED ENTRY--PERSONAL NAME |
| Personal name |
ჩიკვილაძე, მანანა |
| Relator term |
რედაქტორი |
| 9 (RLIN) |
13961 |
| 700 ## - ADDED ENTRY--PERSONAL NAME |
| Personal name |
ზაქარიაშვილი, ნინო |
| Relator term |
მხატვარი |
| 9 (RLIN) |
13962 |
| 942 ## - ADDED ENTRY ELEMENTS (KOHA) |
| Koha item type |
წიგნი |
| Source of classification or shelving scheme |
|